000 00550nam a22002057a 4500
003 BD-DhJNU
005 20250224070640.0
008 250224b |||||||| |||| 00| 0 eng d
020 _a1403972087
020 _a1403965471
040 _aBD-DhJNU
_bENG
_cBD-DhJNU
_dBD-DhJNU
082 _223
_a070.4333
100 _aSeib, Philip
245 _aBeyond the front lines /
_cPhilip Seib
260 _aNew York :
_bPalgrave Macmillan,
_c2006.
300 _axi, 185 P. :
_c22 cm.
504 _aincludes index
650 _aJournalism
942 _2ddc
_cBK
_n0
999 _c1384
_d1384